[Event "Bad Woerishofen Sen"]
[Site "Bad Woerishofen"]
[Date "2001.??.??"]
[Round "2"]
[White "Antusch, Ingrid"]
[Black "Thonig, Manfred"]
[Result "1-0"]
[WhiteElo "1700"]
[BlackElo "1587"]
[Annotator "ChessOrg"]
[PlyCount "75"]
[EventDate "1998.03.05"]
[Source "ChessBase"]
[SourceDate "1998.04.29"]

1. d4 f5 2. f4 Nf6 3. Nf3 e6 4. e3 Be7 5. Bd3 b6 6. Nbd2 Bb7 7. O-O Ne4 8. Ne5
g6 9. Nxe4 fxe4 10. Be2 d6 11. Ng4 Nd7 12. b3 h5 13. Nf2 Bf6 14. Bb2 Qe7 15. c4
O-O-O 16. Qc2 d5 17. a4 a5 18. Ba3 Qg7 19. Rac1 Nf8 20. c5 Kb8 21. b4 axb4 22.
Bxb4 Bxd4 23. exd4 g5 24. Nh3 Qxd4+ 25. Kh1 Qxb4 26. cxb6 c6 27. Nxg5 Qe7 28.
Qb2 Ng6 29. a5 Rd7 30. a6 Ba8 31. Ra1 Nxf4 32. Qxh8+ Rd8 33. Qe5+ Qd6 34. Qxd6+
Rxd6 35. Rxf4 Rd8 36. Rf7 c5 37. a7+ Kc8 38. Ba6+ 1-0

[Event "Bad Woerishofen Sen"]
[Site "Bad Woerishofen"]
[Date "2001.??.??"]
[Round "4"]
[White "Antusch, Ingrid"]
[Black "Weibrecht, Carl"]
[Result "1-0"]
[WhiteElo "1700"]
[BlackElo "1600"]
[Annotator "ChessOrg"]
[PlyCount "126"]
[EventDate "1998.03.05"]
[Source "ChessBase"]
[SourceDate "1998.04.29"]

1. f4 c5 2. Nf3 g6 3. e3 Bg7 4. c3 Nc6 5. d4 cxd4 6. exd4 d5 7. Bd3 Nf6 8. Nbd2
Bg4 9. O-O O-O 10. Qe1 Re8 11. Qh4 Qc8 12. Ne5 Bf5 13. Rf3 Ne4 14. Re3 h5 15.
Bxe4 Bf6 16. Qg3 dxe4 17. Nxe4 Bxe4 18. Rxe4 Qf5 19. Qf3 Kg7 20. Re2 Nd8 21.
Bd2 Rb8 22. Rf1 b5 23. a3 Rh8 24. Qe4 h4 25. Qxf5 gxf5 26. h3 Rb7 27. Rfe1 e6
28. Nd3 Rd7 29. Nc5 Rd6 30. Be3 a5 31. Nd3 Nc6 32. b4 a4 33. Rd1 Ne7 34. Nc5
Nd5 35. Bd2 Rb8 36. Rf2 Nb6 37. Rf3 Rh8 38. Bc1 Nc4 39. Kh2 e5 40. fxe5 Bxe5+
41. Kh1 Rh5 42. Rdf1 Bg3 43. Rxf5 Rxf5 44. Rxf5 f6 45. Bf4 Rb6 46. Bxg3 hxg3
47. Rf3 Nxa3 48. Rxg3+ Kh6 49. Rd3 Nc4 50. d5 Rd6 51. g4 a3 52. Kg2 a2 53. Nb3
Kg5 54. Kg3 Ne5 55. Rd1 Nc4 56. h4+ Kg6 57. Kf4 Kh6 58. Ke4 Ra6 59. Ra1 Nd6+
60. Kd4 Nc4 61. Nc1 Nd2 62. Rxa2 Rxa2 63. Nxa2 Nb3+ 1-0

[Event "Bad Woerishofen Sen"]
[Site "Bad Woerishofen"]
[Date "2001.??.??"]
[Round "6"]
[White "Antusch, Ingrid"]
[Black "Rogala, Jan"]
[Result "1/2-1/2"]
[WhiteElo "1700"]
[BlackElo "1800"]
[Annotator "ChessOrg"]
[PlyCount "87"]
[EventDate "1998.03.05"]
[Source "ChessBase"]
[SourceDate "1998.04.29"]

1. f4 d5 2. Nf3 Nf6 3. e3 Bg4 4. d4 e6 5. Bd3 Nbd7 6. Nbd2 c5 7. c3 Be7 8. O-O
O-O 9. Qe1 Bxf3 10. Rxf3 g6 11. Rh3 Ng4 12. Nf3 f5 13. Be2 Kg7 14. Qg3 Rh8 15.
dxc5 Nxc5 16. Nd4 Qg8 17. Bxg4 fxg4 18. Qxg4 h5 19. Qd1 Qf7 20. Nf3 Ne4 21.
Qd4+ Bf6 22. Ne5 Bxe5 23. Qxe5+ Qf6 24. Qc7+ Qf7 25. Qe5+ Qf6 26. Qd4 Qxd4 27.
exd4 a5 28. b3 Rac8 29. Bb2 b5 30. Rc1 Rhf8 31. Rf1 Nd2 32. Rf2 Ne4 33. Rff3
Nd2 34. Rd3 Ne4 35. Rhf3 Rf7 36. g3 Rfc7 37. Kg2 Rf8 38. Bc1 Rfc8 39. Bd2 Rc6
40. Kh3 Nxd2 41. Rxd2 Rxc3 42. Rdd3 Rc2 43. Rfe3 Kf6 44. Re5 1/2-1/2

[Event "Bad Woerishofen Sen"]
[Site "Bad Woerishofen"]
[Date "2001.??.??"]
[Round "8"]
[White "Antusch, Ingrid"]
[Black "Nefzger, Franz"]
[Result "1/2-1/2"]
[WhiteElo "1700"]
[BlackElo "1653"]
[Annotator "ChessOrg"]
[PlyCount "178"]
[EventDate "1998.03.05"]
[Source "ChessBase"]
[SourceDate "1998.04.29"]

1. f4 d5 2. Nf3 Nf6 3. e3 Bg4 4. d4 e6 5. Bd3 Nbd7 6. Nbd2 c5 7. c3 a6 8. O-O
c4 9. Bc2 b5 10. a3 Bf5 11. Bxf5 exf5 12. Ne5 Ne4 13. Qh5 g6 14. Qh3 Qf6 15.
Nxe4 dxe4 16. Bd2 Be7 17. Rad1 Qh4 18. Qxh4 Bxh4 19. g3 Bf6 20. Bc1 Bxe5 21.
fxe5 h5 22. Rf4 Ke7 23. h3 Rad8 24. Rd2 Ke6 25. Kg2 Nb6 26. Rf1 Nd5 27. Rdf2
Rd7 28. Rh1 Ne7 29. Rhf1 Rdd8 30. Rd2 Nc6 31. Rdf2 Ne7 32. b3 Rc8 33. Rb2 Nd5
34. Bd2 Rc6 35. Ra1 Rhc8 36. b4 Nb6 37. Rf1 Ra8 38. Ra1 Rcc8 39. Rab1 Rcb8 40.
h4 Na4 41. Ra2 Kd5 42. Be1 a5 43. Rba1 axb4 44. axb4 Rg8 45. Rf2 Kc6 46. Bd2 g5
47. Rh1 gxh4 48. Rxh4 Rg5 49. Be1 Nb6 50. Bd2 Nd5 51. Kh2 Ne7 52. Be1 Ng8 53.
Kg2 Ne7 54. Bd2 Ng6 55. Rh3 Ra1 56. Rf1 Ra2 57. Rf2 Ne7 58. Be1 Ra3 59. Rc2 Nd5
60. Bd2 f6 61. exf6 Nxf6 62. Rh1 Rg8 63. Kh3 Rga8 64. Kh4 Rg8 65. Rf1 Rg4+ 66.
Kh3 Nd5 67. Rf2 Ra8 68. Rc1 Ra2 69. Be1 Ra4 70. Re2 Kd6 71. Bd2 Ra2 72. Rd1
Nxc3 73. Bxc3 Rxe2 74. d5 Ke7 75. Bd4 Ra2 76. Bc5+ Kd7 77. d6 Ra8 78. Rd5 Ke6
79. Rd1 Rgg8 80. d7 c3 81. Rd6+ Kf7 82. Rc6 Rgd8 83. Bd4 c2 84. Rxc2 Rxd7 85.
Rc5 Rb8 86. Rxf5+ Kg6 87. Re5 Rf7 88. Rxe4 Rf2 89. Re5 Ra8 1/2-1/2

[Event "Bad Woerishofen Sen"]
[Site "Bad Woerishofen"]
[Date "2001.??.??"]
[Round "1"]
[White "Assaloni, Herbert"]
[Black "Kraft, Hans"]
[Result "0-1"]
[WhiteElo "1720"]
[BlackElo "2100"]
[Annotator "ChessOrg"]
[PlyCount "88"]
[EventDate "1998.03.05"]
[Source "ChessBase"]
[SourceDate "1998.04.29"]

1. d4 Nf6 2. c4 c5 3. Nf3 cxd4 4. Qxd4 Nc6 5. Qd1 g6 6. Nc3 Bg7 7. Bf4 d6 8. e4
O-O 9. Qd2 Qa5 10. Be2 Bg4 11. O-O Nd7 12. Nd5 Qxd2 13. Bxd2 Nc5 14. h3 Bxf3
15. Bxf3 Bxb2 16. Rab1 Bg7 17. Be3 b6 18. Bg4 Rad8 19. Bxc5 dxc5 20. Bd1 e6 21.
Nc7 Na5 22. Bb3 Rd4 23. Nb5 Nxb3 24. axb3 Rxe4 25. Nxa7 Ra8 26. Nb5 Re2 27.
Rfd1 Be5 28. Re1 Raa2 29. Rxe2 Rxe2 30. Kf1 Ra2 31. Re1 Bd4 32. Nxd4 cxd4 33.
Re5 Ra5 34. Rxa5 bxa5 35. f4 f6 36. Ke2 Kf7 37. g3 Ke7 38. Kd3 e5 39. Ke4 Kd6
40. g4 Kc5 41. h4 f5+ 42. gxf5 gxf5+ 43. Kf3 e4+ 44. Ke2 a4 0-1

[Event "Bad Woerishofen Sen"]
[Site "Bad Woerishofen"]
[Date "2001.??.??"]
[Round "3"]
[White "Assaloni, Herbert"]
[Black "Buesdorf, Konrad"]
[Result "0-1"]
[WhiteElo "1720"]
[BlackElo "1901"]
[Annotator "ChessOrg"]
[PlyCount "50"]
[EventDate "1998.03.05"]
[Source "ChessBase"]
[SourceDate "1998.04.29"]

1. d4 d5 2. c4 dxc4 3. Nc3 c6 4. a4 Bd7 5. e4 b5 6. axb5 cxb5 7. Nf3 e6 8. Bf4
a5 9. Ne5 Bb4 10. Qf3 Nf6 11. Nxd7 Nbxd7 12. Bg5 Qc8 13. Be2 O-O 14. O-O Qb7
15. e5 Nd5 16. Na2 Rfb8 17. Nxb4 axb4 18. Qh3 Rxa1 19. Rxa1 Ra8 20. Rxa8+ Qxa8
21. g4 Qa1+ 22. Kg2 Qxb2 23. Qf3 Qxd4 24. Be3 Qxe5 25. Bd2 h6 0-1

[Event "Bad Woerishofen Sen"]
[Site "Bad Woerishofen"]
[Date "2001.??.??"]
[Round "5"]
[White "Assaloni, Herbert"]
[Black "Gruebling, Karl-Heinz"]
[Result "1/2-1/2"]
[WhiteElo "1720"]
[BlackElo "1635"]
[Annotator "ChessOrg"]
[PlyCount "76"]
[EventDate "1998.03.05"]
[Source "ChessBase"]
[SourceDate "1998.04.29"]

1. d4 Nf6 2. Nf3 e6 3. c4 b6 4. Nc3 Ba6 5. e4 Bb4 6. Qc2 Bb7 7. Bd3 Bxc3+ 8.
bxc3 d6 9. Bg5 h6 10. Bf4 Nbd7 11. O-O Nh5 12. Be3 Qf6 13. d5 e5 14. h3 Nf4 15.
Bxf4 Qxf4 16. Qe2 g5 17. g3 Qf6 18. Nh2 Nc5 19. Bc2 h5 20. f3 Bc8 21. Kg2 h4
22. g4 Qf4 23. Qf2 Qg3+ 24. Qxg3 hxg3 25. Kxg3 Ba6 26. Rh1 Bxc4 27. Nf1 Bd3 28.
Ne3 Bxc2 29. Nxc2 Nd3 30. h4 gxh4+ 31. Rxh4 Rxh4 32. Kxh4 Ke7 33. Nb4 Nf4 34.
c4 Rh8+ 35. Kg3 Rh3+ 36. Kf2 a5 37. Nc6+ Kd7 38. Na7 Rh2+ 1/2-1/2

[Event "Bad Woerishofen Sen"]
[Site "Bad Woerishofen"]
[Date "2001.??.??"]
[Round "7"]
[White "Assaloni, Herbert"]
[Black "Michalowski, Richard"]
[Result "0-1"]
[WhiteElo "1720"]
[BlackElo "1616"]
[Annotator "ChessOrg"]
[PlyCount "72"]
[EventDate "1998.03.05"]
[Source "ChessBase"]
[SourceDate "1998.04.29"]

1. d4 Nf6 2. Nf3 e6 3. c4 b6 4. Nc3 Bb7 5. e3 d5 6. Bd3 Be7 7. O-O O-O 8. a3 c5
9. dxc5 bxc5 10. cxd5 exd5 11. b3 Nbd7 12. Be2 Re8 13. Bb2 Bf8 14. Rc1 Rc8 15.
Bb5 a6 16. Be2 g6 17. Na4 Bg7 18. h3 Qe7 19. Re1 Red8 20. Nd2 Ne4 21. Bxg7 Kxg7
22. Nxe4 dxe4 23. Qc2 f5 24. Red1 Rc7 25. Bc4 Kh6 26. Qe2 Rc6 27. Bd5 Ne5 28.
Bxc6 Rxd1+ 29. Qxd1 Bxc6 30. Nxc5 Bb5 31. f4 exf3 32. Qd2 Qg5 33. Rc2 Be2 34.
e4 f4 35. g4 Nxg4 36. Ne6 f2+ 0-1

[Event "Bad Woerishofen Sen"]
[Site "Bad Woerishofen"]
[Date "2001.??.??"]
[Round "1"]
[White "Aufmwasser, Guenter"]
[Black "Hemmers, Johann"]
[Result "0-1"]
[WhiteElo "1681"]
[BlackElo "1880"]
[Annotator "ChessOrg"]
[PlyCount "50"]
[EventDate "1998.03.05"]
[Source "ChessBase"]
[SourceDate "1998.04.29"]

1. d4 Nf6 2. e3 e6 3. Bd3 d5 4. Nf3 Nbd7 5. O-O Be7 6. Re1 O-O 7. Nbd2 c5 8. c3
b6 9. Nf1 Bb7 10. Bd2 Bd6 11. Ng5 h6 12. e4 hxg5 13. e5 Ne4 14. Bxe4 dxe4 15.
exd6 Qf6 16. Qa4 Rfd8 17. Be3 a6 18. Ng3 Qg6 19. dxc5 bxc5 20. Qc2 f5 21. Rad1
f4 22. Bxc5 Nxc5 23. b4 Nd3 24. Nxe4 Nxe1 25. Rxe1 Bxe4 0-1

[Event "Bad Woerishofen Sen"]
[Site "Bad Woerishofen"]
[Date "2001.??.??"]
[Round "3"]
[White "Aufmwasser, Guenter"]
[Black "Scheidt, Eugen"]
[Result "1/2-1/2"]
[WhiteElo "1681"]
[BlackElo "1927"]
[Annotator "ChessOrg"]
[PlyCount "23"]
[EventDate "1998.03.05"]
[Source "ChessBase"]
[SourceDate "1998.04.29"]

1. e4 e6 2. d4 d5 3. exd5 exd5 4. Bd3 Bd6 5. Nd2 Nf6 6. Ngf3 O-O 7. O-O Bg4 8.
c3 Nbd7 9. Qb3 Rb8 10. Re1 Re8 11. Rxe8+ Qxe8 12. Qc2 1/2-1/2

[Event "Bad Woerishofen Sen"]
[Site "Bad Woerishofen"]
[Date "2001.??.??"]
[Round "5"]
[White "Aufmwasser, Guenter"]
[Black "Disselberger, Alfons"]
[Result "1/2-1/2"]
[WhiteElo "1681"]
[BlackElo "1313"]
[Annotator "ChessOrg"]
[PlyCount "107"]
[EventDate "1998.03.05"]
[Source "ChessBase"]
[SourceDate "1998.04.29"]

1. e4 e6 2. Qe2 Nc6 3. g3 Nge7 4. Bg2 g6 5. c3 e5 6. Nf3 Bg7 7. Na3 O-O 8. O-O
d6 9. Nc2 f5 10. Ng5 f4 11. gxf4 Rxf4 12. d3 Rf6 13. Be3 h6 14. Nh3 Be6 15. d4
Qc8 16. Ng5 hxg5 17. d5 Bh3 18. dxc6 Bxg2 19. Kxg2 Nxc6 20. Bxg5 Rf7 21. Ne3
Qe6 22. b3 Ne7 23. c4 Nc6 24. Nc2 Nd4 25. Nxd4 exd4 26. Rad1 c5 27. f3 Re8 28.
Qd2 Qe5 29. Bh4 Qh5 30. Bg3 Bh6 31. Qe2 Bf4 32. Rd3 Re5 33. Rh1 Qg5 34. Qe1 Qh5
35. Bxf4 Rxf4 36. Kf2 Rg5 37. Qf1 Re5 38. Qg2 Rg5 39. Qf1 Rh4 40. Ke1 Rxh2 41.
Rxh2 Qxh2 42. Rd2 Qh4+ 43. Kd1 Qg3 44. Rf2 Qg1 45. Ke2 Qxf1+ 46. Kxf1 Kg7 47.
Ke2 Re5 48. Kd3 g5 49. b4 cxb4 50. Kxd4 a5 51. Rg2 Kf6 52. Rh2 Kg7 53. Rg2 Kf6
54. Rh2 1/2-1/2

[Event "Bad Woerishofen Sen"]
[Site "Bad Woerishofen"]
[Date "2001.??.??"]
[Round "7"]
[White "Aufmwasser, Guenter"]
[Black "Schumacher, Ursula"]
[Result "1/2-1/2"]
[WhiteElo "1681"]
[BlackElo "1500"]
[Annotator "ChessOrg"]
[PlyCount "42"]
[EventDate "1998.03.05"]
[Source "ChessBase"]
[SourceDate "1998.04.29"]

1. e4 c6 2. d4 d5 3. exd5 cxd5 4. c4 Nf6 5. Nc3 Nc6 6. cxd5 Nxd5 7. Nxd5 Qxd5
8. Be3 g6 9. Nf3 Bg7 10. b3 Bg4 11. Bc4 Qh5 12. O-O Bxf3 13. gxf3 e6 14. f4 Qh3
15. Bb5 O-O 16. Bxc6 bxc6 17. Rc1 Rac8 18. Qc2 Qf3 19. Qc5 Rc7 20. Rc3 Qg4+ 21.
Kh1 Qf3+ 1/2-1/2

[Event "Bad Woerishofen Sen"]
[Site "Bad Woerishofen"]
[Date "2001.??.??"]
[Round "9"]
[White "Aufmwasser, Guenter"]
[Black "Schoen, Siegfried"]
[Result "0-1"]
[WhiteElo "1681"]
[BlackElo "1539"]
[Annotator "ChessOrg"]
[PlyCount "72"]
[EventDate "1998.03.05"]
[Source "ChessBase"]
[SourceDate "1998.04.29"]

1. f4 c5 2. Nf3 Nc6 3. e3 d6 4. b3 Nf6 5. Bb2 g6 6. Bb5 Bg7 7. O-O O-O 8. Bxc6
bxc6 9. c4 Bg4 10. d3 Qc7 11. Qe1 Bxf3 12. Rxf3 Nd7 13. Bxg7 Kxg7 14. d4 cxd4
15. exd4 e6 16. Nc3 Rae8 17. Re3 Qb8 18. Qh4 Qd8 19. Qg3 Nf6 20. Qf3 d5 21. c5
h5 22. h3 h4 23. b4 Nh5 24. b5 Qc7 25. bxc6 Qxc6 26. Rb1 Rb8 27. Ree1 Ng3 28.
Rxb8 Rxb8 29. Rb1 Rxb1+ 30. Nxb1 Qa4 31. Kh2 Qxa2 32. Qd3 Qf2 33. Nd2 Qe1 34.
Qb1 Qxd2 35. Qb8 Qd1 36. Qe5+ Kh7 0-1

[Event "Bad Woerishofen Sen"]
[Site "Bad Woerishofen"]
[Date "2001.??.??"]
[Round "2"]
[White "Bakalarczyk, Wiodzimien"]
[Black "Manfeldt, Alfred"]
[Result "1-0"]
[WhiteElo "2000"]
[BlackElo "1730"]
[Annotator "ChessOrg"]
[PlyCount "93"]
[EventDate "1998.03.05"]
[Source "ChessBase"]
[SourceDate "1998.04.29"]

1. d4 e6 2. Nf3 Nf6 3. g3 b6 4. Bg2 Bb7 5. O-O d6 6. Re1 Nbd7 7. Nbd2 Be7 8. b3
O-O 9. Bb2 d5 10. Ne5 Nxe5 11. dxe5 Ne4 12. Nxe4 dxe4 13. Qxd8 Raxd8 14. Red1
Rxd1+ 15. Rxd1 Rd8 16. Rxd8+ Bxd8 17. f4 exf3 18. Bxf3 Bxf3 19. exf3 c5 20. c4
Kf8 21. Kf2 Ke7 22. Ke3 Kd7 23. Ke4 Kc6 24. a4 a5 25. f4 g6 26. g4 Kd7 27. Bc1
f5+ 28. exf6 Bxf6 29. h3 Kd6 30. Be3 Ke7 31. Bf2 Kf7 32. Bg3 Bd8 33. f5 g5 34.
Bd6 Kf6 35. Be5+ Kf7 36. Bc3 Bf6 37. fxe6+ Kxe6 38. Bxf6 Kxf6 39. Kd5 h6 40.
Kd6 Kg6 41. Kc6 h5 42. Kxb6 hxg4 43. hxg4 Kf6 44. Kxc5 Ke5 45. Kb5 Kf4 46. c5
Kxg4 47. c6 1-0

[Event "Bad Woerishofen Sen"]
[Site "Bad Woerishofen"]
[Date "2001.??.??"]
[Round "4"]
[White "Bakalarczyk, Wiodzimien"]
[Black "Philipp, Guenther"]
[Result "1-0"]
[WhiteElo "2000"]
[BlackElo "1752"]
[Annotator "ChessOrg"]
[PlyCount "71"]
[EventDate "1998.03.05"]
[Source "ChessBase"]
[SourceDate "1998.04.29"]

1. d4 Nf6 2. c4 e6 3. Nc3 Bb4 4. Qc2 O-O 5. a3 Bxc3+ 6. Qxc3 d6 7. g3 Re8 8.
Bg2 e5 9. d5 Bf5 10. e3 a5 11. f3 e4 12. f4 Nbd7 13. Ne2 Nc5 14. O-O Qd7 15. b3
Bh3 16. Ra2 Bxg2 17. Kxg2 Nd3 18. h3 Qe7 19. Bb2 Nxb2 20. Qxb2 h5 21. Rg1 Nd7
22. b4 b6 23. Nd4 Qf6 24. Nb5 Qxb2+ 25. Rxb2 axb4 26. axb4 Rec8 27. g4 hxg4 28.
hxg4 Nf6 29. Kg3 g6 30. g5 Nh5+ 31. Kf2 Ng7 32. Rh1 Nf5 33. Rh3 c6 34. Nc3 cxd5
35. Nxd5 Rcb8 36. Nf6+ 1-0

[Event "Bad Woerishofen Sen"]
[Site "Bad Woerishofen"]
[Date "2001.??.??"]
[Round "6"]
[White "Bakalarczyk, Wiodzimien"]
[Black "Ofstad, Per"]
[Result "1/2-1/2"]
[WhiteElo "2000"]
[BlackElo "2194"]
[Annotator "ChessOrg"]
[PlyCount "46"]
[EventDate "1998.03.05"]
[Source "ChessBase"]
[SourceDate "1998.04.29"]

1. d4 d5 2. g3 g6 3. Bg2 Bg7 4. Nf3 Nf6 5. O-O O-O 6. Re1 c6 7. b3 Ne4 8. Bb2
Bf5 9. Nbd2 c5 10. Nxe4 dxe4 11. Ne5 Nd7 12. Nxd7 Qxd7 13. c3 Rfd8 14. e3 Rac8
15. Qe2 Bg4 16. f3 exf3 17. Bxf3 Bxf3 18. Qxf3 e5 19. Rad1 cxd4 20. cxd4 exd4
21. Bxd4 Bxd4 22. Rxd4 Qe7 23. Re4 Qd7 1/2-1/2

[Event "Bad Woerishofen Sen"]
[Site "Bad Woerishofen"]
[Date "2001.??.??"]
[Round "8"]
[White "Bakalarczyk, Wiodzimien"]
[Black "Forth, Bernhard"]
[Result "0-1"]
[WhiteElo "2000"]
[BlackElo "1895"]
[Annotator "ChessOrg"]
[PlyCount "84"]
[EventDate "1998.03.05"]
[Source "ChessBase"]
[SourceDate "1998.04.29"]

1. d4 d5 2. c4 e6 3. Nc3 Nf6 4. e3 Be7 5. Nf3 O-O 6. Qc2 c5 7. cxd5 cxd4 8.
exd4 Nxd5 9. Bd3 Nf6 10. O-O Nc6 11. Qd1 Bd7 12. Qe2 a6 13. Rd1 Nb4 14. Bb1 Rc8
15. h3 Bc6 16. a3 Nbd5 17. Ne4 Nxe4 18. Bxe4 Bf6 19. Ne5 Ne7 20. Nxc6 Nxc6 21.
d5 exd5 22. Bxd5 Qb6 23. Be3 Qxb2 24. Qxb2 Bxb2 25. Rab1 Bxa3 26. Rxb7 a5 27.
Bb3 Rb8 28. Rdd7 Rxb7 29. Rxb7 Bb4 30. h4 h6 31. g3 Kh8 32. Bxf7 Nd8 33. Rxb4
axb4 34. Bb3 Nc6 35. g4 Rd8 36. g5 hxg5 37. Bxg5 Rd3 38. Be6 Nd4 39. Bf7 Nf3+
40. Kg2 Nxg5 41. hxg5 b3 42. f4 b2 0-1

[Event "Bad Woerishofen Sen"]
[Site "Bad Woerishofen"]
[Date "2001.??.??"]
[Round "2"]
[White "Bareth, Walter"]
[Black "Heyse, Juergen"]
[Result "1/2-1/2"]
[WhiteElo "1876"]
[BlackElo "1597"]
[Annotator "ChessOrg"]
[PlyCount "42"]
[EventDate "1998.03.05"]
[Source "ChessBase"]
[SourceDate "1998.04.29"]

1. d4 d5 2. Nf3 c6 3. Bf4 Nf6 4. e3 Bf5 5. c4 dxc4 6. Bxc4 e6 7. O-O Be7 8. Nc3
Nbd7 9. Ne5 Nxe5 10. Bxe5 Bd6 11. Bg3 Qc7 12. Bxd6 Qxd6 13. Qb3 Ng4 14. g3
O-O-O 15. e4 Bg6 16. d5 exd5 17. exd5 c5 18. Rae1 a6 19. a4 h5 20. f3 Ne5 21.
f4 Nxc4 1/2-1/2

[Event "Bad Woerishofen Sen"]
[Site "Bad Woerishofen"]
[Date "2001.??.??"]
[Round "4"]
[White "Bareth, Walter"]
[Black "Garbe, Heinz"]
[Result "1/2-1/2"]
[WhiteElo "1876"]
[BlackElo "1700"]
[Annotator "ChessOrg"]
[PlyCount "43"]
[EventDate "1998.03.05"]
[Source "ChessBase"]
[SourceDate "1998.04.29"]

1. d4 Nf6 2. Nf3 g6 3. Bf4 d6 4. e3 Bg7 5. h3 O-O 6. Bc4 Nbd7 7. O-O a6 8. Bh2
b5 9. Be2 Bb7 10. c4 bxc4 11. Bxc4 Nb6 12. Be2 Rc8 13. Na3 c5 14. Rc1 cxd4 15.
exd4 Qd7 16. Qb3 Rxc1 17. Rxc1 Nfd5 18. Bc4 Rc8 19. Rc2 e6 20. Kh1 Bf8 21. Be2
Rxc2 22. Nxc2 1/2-1/2

[Event "Bad Woerishofen Sen"]
[Site "Bad Woerishofen"]
[Date "2001.??.??"]
[Round "6"]
[White "Bareth, Walter"]
[Black "Buchner, Matthias"]
[Result "1-0"]
[WhiteElo "1876"]
[BlackElo "1700"]
[Annotator "ChessOrg"]
[PlyCount "72"]
[EventDate "1998.03.05"]
[Source "ChessBase"]
[SourceDate "1998.04.29"]

1. d4 Nf6 2. Nf3 e6 3. Bf4 Be7 4. e3 O-O 5. Bd3 d5 6. Nbd2 Nbd7 7. h3 a6 8. a4
c5 9. c3 b6 10. Qe2 Bb7 11. O-O c4 12. Bc2 h6 13. Bh2 Re8 14. e4 dxe4 15. Nxe4
Nxe4 16. Bxe4 Bxe4 17. Qxe4 Nf6 18. Qc6 Rc8 19. Qb7 a5 20. Ne5 Rb8 21. Qa6 Qc8
22. Qxc4 Qxc4 23. Nxc4 Rb7 24. Rfe1 Rc8 25. Ne3 b5 26. axb5 Rxb5 27. Re2 Bd8
28. Ra4 Bc7 29. Bxc7 Rxc7 30. Nc4 Ra7 31. Re1 Nd5 32. Rea1 Nb6 33. Rxa5 Raxa5
34. Rxa5 Rxa5 35. Nxa5 Na4 36. Nc4 Kf8 1-0

[Event "Bad Woerishofen Sen"]
[Site "Bad Woerishofen"]
[Date "2001.??.??"]
[Round "8"]
[White "Bareth, Walter"]
[Black "Verdcheval, Hans"]
[Result "1-0"]
[WhiteElo "1876"]
[BlackElo "1555"]
[Annotator "ChessOrg"]
[PlyCount "69"]
[EventDate "1998.03.05"]
[Source "ChessBase"]
[SourceDate "1998.04.29"]

1. d4 d5 2. Nf3 Nf6 3. Bf4 e6 4. e3 Bd6 5. Bg3 c6 6. Nbd2 Qc7 7. c4 Bxg3 8.
hxg3 Nbd7 9. Qb3 Qb6 10. Qc2 Nf8 11. Bd3 Bd7 12. c5 Qc7 13. Ne5 Ke7 14. g4 g6
15. f4 Be8 16. g5 Nh5 17. Kf2 Ng7 18. g4 f6 19. gxf6+ Kxf6 20. g5+ Ke7 21. Ndf3
Nf5 22. Rh3 Bf7 23. Rah1 Re8 24. Ng4 Kd8 25. Nf6 Re7 26. Nxh7 Nxh7 27. Rxh7
Rxh7 28. Rxh7 Bg8 29. Rh8 Re8 30. Qc3 a6 31. b4 Bh7 32. Rxe8+ Kxe8 33. a4 Ne7
34. Ne5 Nc8 35. Nxg6 1-0

[Event "Bad Woerishofen Sen"]
[Site "Bad Woerishofen"]
[Date "2001.??.??"]
[Round "2"]
[White "Bartlitz, Heinz"]
[Black "Block, Herbert"]
[Result "1-0"]
[WhiteElo "1571"]
[BlackElo "1700"]
[Annotator "ChessOrg"]
[PlyCount "99"]
[EventDate "1998.03.05"]
[Source "ChessBase"]
[SourceDate "1998.04.29"]

1. c4 c5 2. Nc3 d6 3. g3 Nf6 4. Bg2 Nc6 5. Nf3 e5 6. O-O Be6 7. b3 Rb8 8. d3 h6
9. h3 Be7 10. e4 Qd7 11. Kh2 O-O 12. Ne1 Nh7 13. f4 f5 14. Rb1 fxe4 15. dxe4
exf4 16. Bxf4 Nd4 17. Nf3 Nxf3+ 18. Rxf3 Ng5 19. Bxg5 Rxf3 20. Qxf3 Rf8 21. Qd3
Bxg5 22. Rf1 Bf6 23. Nd5 Bxd5 24. Qxd5+ Kh8 25. e5 Be7 26. Rxf8+ Bxf8 27. exd6
Bxd6 28. Qxb7 Qxb7 29. Bxb7 Kg8 30. Bd5+ Kf8 31. Kg2 Ke7 32. Kf3 Kf6 33. g4 a5
34. Ke4 g5 35. Bb7 Ke6 36. Bc8+ Ke7 37. a4 Kd8 38. Be6 Kc7 39. Kf5 Bf4 40. h4
Kd6 41. h5 Bd2 42. Bd5 Ke7 43. Kg6 Kf8 44. Kxh6 Ke7 45. Kh7 Bc3 46. Kg8 Kf6 47.
h6 Ke5 48. h7 Kf4 49. Be6 Be5 50. h8=Q 1-0

[Event "Bad Woerishofen Sen"]
[Site "Bad Woerishofen"]
[Date "2001.??.??"]
[Round "4"]
[White "Bartlitz, Heinz"]
[Black "Barlo, Werner"]
[Result "1/2-1/2"]
[WhiteElo "1571"]
[BlackElo "1703"]
[Annotator "ChessOrg"]
[PlyCount "49"]
[EventDate "1998.03.05"]
[Source "ChessBase"]
[SourceDate "1998.04.29"]

1. c4 e5 2. Nc3 c5 3. g3 Nc6 4. Bg2 Nf6 5. d3 h6 6. e4 d6 7. Nge2 Be7 8. O-O
O-O 9. f4 a6 10. a4 Rb8 11. h3 Bd7 12. Bd2 Nb4 13. Be3 Qc8 14. Kh2 b6 15. b3
Bc6 16. Na2 Nxa2 17. Rxa2 Qb7 18. Nc3 b5 19. axb5 axb5 20. Nd5 Nxd5 21. cxd5
Bd7 22. f5 Ra8 23. Rff2 b4 24. Qa1 Bb5 25. Bf1 1/2-1/2

[Event "Bad Woerishofen Sen"]
[Site "Bad Woerishofen"]
[Date "2001.??.??"]
[Round "6"]
[White "Bartlitz, Heinz"]
[Black "Manfeldt, Alfred"]
[Result "1-0"]
[WhiteElo "1571"]
[BlackElo "1730"]
[Annotator "ChessOrg"]
[PlyCount "47"]
[EventDate "1998.03.05"]
[Source "ChessBase"]
[SourceDate "1998.04.29"]

1. c4 e6 2. Nc3 b6 3. e4 Bb7 4. d3 Bb4 5. Nge2 Ne7 6. g3 O-O 7. Bg2 f5 8. O-O
fxe4 9. Nxe4 d5 10. Ng5 Qc8 11. Bh3 Nf5 12. Nf4 Kh8 13. Qh5 Nh6 14. Nfxe6 Qe8
15. Qxe8 Rxe8 16. Nxc7 Re7 17. Nxa8 Bxa8 18. Bg2 Na6 19. Be3 Nc7 20. a3 Bd6 21.
Rac1 Nf5 22. c5 Be5 23. cxb6 Ne6 24. Rc8+ 1-0

[Event "Bad Woerishofen Sen"]
[Site "Bad Woerishofen"]
[Date "2001.??.??"]
[Round "9"]
[White "Bartlitz, Heinz"]
[Black "Eichinger, Adolf"]
[Result "1/2-1/2"]
[WhiteElo "1571"]
[BlackElo "1700"]
[Annotator "ChessOrg"]
[PlyCount "30"]
[EventDate "1998.03.05"]
[Source "ChessBase"]
[SourceDate "1998.04.29"]

1. c4 c5 2. Nc3 Nc6 3. g3 b6 4. Bg2 Bb7 5. e4 e5 6. Nge2 Nf6 7. d3 Be7 8. O-O
O-O 9. f4 d6 10. f5 h6 11. a3 a6 12. a4 b5 13. axb5 axb5 14. Rxa8 Qxa8 15. Nxb5
Rc8 1/2-1/2

[Event "Bad Woerishofen Sen"]
[Site "Bad Woerishofen"]
[Date "2001.??.??"]
[Round "1"]
[White "Barlo, Werner"]
[Black "Weigel, Herbert"]
[Result "0-1"]
[WhiteElo "1703"]
[BlackElo "2153"]
[Annotator "ChessOrg"]
[PlyCount "94"]
[EventDate "1998.03.05"]
[Source "ChessBase"]
[SourceDate "1998.04.29"]

1. e4 c5 2. c4 Nc6 3. Nc3 g6 4. Nf3 Bg7 5. d3 d6 6. h3 Nf6 7. Be3 O-O 8. Qd2 a6
9. Be2 Rb8 10. a4 b6 11. O-O Bb7 12. Bh6 e6 13. Bxg7 Kxg7 14. Rfe1 d5 15. cxd5
exd5 16. e5 Ne8 17. Bf1 d4 18. Ne4 Nc7 19. Nd6 Ba8 20. Qf4 Nd5 21. Qg3 f5 22.
Qg5 Nxe5 23. Rxe5 Qxd6 24. Rae1 Rf7 25. Re6 Qf4 26. Qxf4 Nxf4 27. Re8 Nxh3+ 28.
Kh2 Rxe8 29. Rxe8 Bxf3 30. Kxh3 Bc6 31. Re6 Rc7 32. Be2 Kf7 33. Re5 Bxa4 34. g4
Re7 35. Rxe7+ Kxe7 36. g5 Bc2 37. Kg3 c4 38. dxc4 d3 39. Bxd3 Bxd3 40. b3 Kd6
41. Kf3 Bc2 42. b4 Bd3 43. Ke3 Bxc4 44. Kd4 Bf1 45. f4 a5 46. Kc3 axb4+ 47.
Kxb4 b5 0-1